000 00403nam a2200157Ia 4500
008 131103s9999 xx 000 0 und d
040 _aLoreto College
041 _aEnglish
082 _a160/GHO
_bLCLIB
100 _aGhosh, G. K.
245 2 _aA Handbook of practicals in logic
_cG. K. Ghosh
260 _aBombay
_bA. R. Sheth & Co
_c1963
300 _a152p
_c 22cm
650 _aLogic
942 _cBK
999 _c19584
_d70063